Priaznivá sociálno-psychologická atmosféra ako základ úspešnosti organizácie
Pojem sociálna atmosféra a sociálna klíma. Metódy analýzy sociálnej klímy. Jednotlivec verzus pracovná skupina. Psychologický rozmer pracovného výkonu. Správanie jednotlivcov v skupine.
Na minha lista:
| Autor principal: | |
|---|---|
| Formato: | Capítulo de Livro |
| Idioma: | eslovaco |
| Assuntos: | |
| Tags: |
Sem tags, seja o primeiro a adicionar uma tag!
|
MARC
| LEADER | 00000naa a2200000 4500 | ||
|---|---|---|---|
| 001 | 0141845 | ||
| 005 | 20231013084721.6 | ||
| 041 | 0 | |a slo | |
| 044 | |a SK | ||
| 245 | 1 | 0 | |a Priaznivá sociálno-psychologická atmosféra ako základ úspešnosti organizácie |c Eva Dirgová |
| 520 | |a Pojem sociálna atmosféra a sociálna klíma. Metódy analýzy sociálnej klímy. Jednotlivec verzus pracovná skupina. Psychologický rozmer pracovného výkonu. Správanie jednotlivcov v skupine. | ||
| 610 | 2 | 0 | |a správanie sociálne |
| 610 | 2 | 0 | |a organizácie |
| 610 | 2 | 0 | |a skupiny pracovné |
| 610 | 2 | 0 | |a skupiny sociálne |
| 610 | 2 | 0 | |a vzťahy pracovné |
| 100 | 1 | |a Dirgová, Eva | |